Hlavné nedostatky pri uplatňovaní manažérskych systémov
Nedocenenie/nepochopenie zlepšovania. Definície zlepšovania. Nezhodné/chybné produkty. Plánovanie a realizácia zlepšovania. Nedodržanie legislatívy. Kontrola úloh zlepšovania. Vyhodnotenie úloh zlepšovania. Praktické príklady a odporúčania.
Guardado en:
| Autor principal: | |
|---|---|
| Formato: | Capítulo de libro |
| Lenguaje: | eslovaco |
| Materias: | |
| Etiquetas: |
Sin Etiquetas, Sea el primero en etiquetar este registro!
|
MARC
| LEADER | 00000naa a2200000 4500 | ||
|---|---|---|---|
| 001 | 0242887 | ||
| 005 | 20180516091433.7 | ||
| 041 | 0 | |a slo | |
| 044 | |a SK | ||
| 245 | 1 | 0 | |a Hlavné nedostatky pri uplatňovaní manažérskych systémov |c Mikuláš Čollák |
| 520 | |a Nedocenenie/nepochopenie zlepšovania. Definície zlepšovania. Nezhodné/chybné produkty. Plánovanie a realizácia zlepšovania. Nedodržanie legislatívy. Kontrola úloh zlepšovania. Vyhodnotenie úloh zlepšovania. Praktické príklady a odporúčania. | ||
| 610 | 2 | 0 | |a riadenie |
| 610 | 2 | 0 | |a normy ISO |
| 610 | 2 | 0 | |a riadenie kvality |
| 610 | 2 | 0 | |a plánovanie |
| 610 | 2 | 0 | |a kaizen |
| 610 | 2 | 0 | |a inovácia |
| 610 | 2 | 0 | |a výkonnosť |
| 610 | 2 | 0 | |a kontrola kvality |
| 100 | 1 | |a Čollák, Mikuláš | |